Propiedad intelectual y acceso a tecnologías ambientales /
Guardado en:
| Autor principal: | |
|---|---|
| Formato: | Texto |
| Materias: | |
| Etiquetas: |
Agregar Etiqueta
Sin Etiquetas, Sea el primero en etiquetar este registro!
|
MARC
| LEADER | 00000 a a2200000 04500 | ||
|---|---|---|---|
| 001 | 13152 | ||
| 003 | |||
| 040 | |||
| 100 | |a Lowenstein, Vanesa | ||
| 245 | |a Propiedad intelectual y acceso a tecnologías ambientales / |c Vanesa Lowenstein | ||
| 650 | |a ASPECTOS ECONOMICOS | ||
| 650 | |a PROPIEDAD INTELECTUAL | ||
| 650 | |a TEGNOLOGIA | ||
| 650 | |a ASPECTOS AMBIENTALES | ||
| 650 | |a ACCESO A LOS MERCADOS | ||
| 650 | |a ARANCELES | ||
| 773 | |g volumen 9, número 3; páginas 16-17 | ||
| 999 | |c 22546 |d 22546 | ||
